000 00475cam a2200157 4500500
005 20260405002942.0
041 _afre
042 _adc
100 1 0 _aGoron, Gaëtan
_eauthor
245 0 0 _aMots croisés #54
260 _c2019.
500 _a48
690 _aMots croisés
786 0 _nPhilosophie magazine | 132 | 9 | 2019-09-01 | p. 70-70 | 1951-1787
856 4 1 _uhttps://shs.cairn.info/magazine-philosophie-magazine-2019-9-page-70?lang=fr&redirect-ssocas=7080
999 _c2062876
_d2062876